000 00619nam a2200217Ia 4500
008 101110s9999 xx 000 0 und d
041 _aENGLISH
082 _bSR31127
100 _aVaz Michael, Kalkoti G.K., Nair Madhu
245 _aResearch methodology in commerce for M.Com Part-II
260 _c2008
_bManan Prakashan, Mumbai
300 _a290
365 _b120
520 _aCommerce
546 _aENGLISH
630 _aResearch methodology in commerce for M.Com Part-II
650 _aCommerce
655 _aCommerce
730 _aResearch methodology in commerce for M.Com Part-II
942 _cBOOK
999 _c823630
_d823627